سعد زغلول من اقضية

Bibliographic Details
Main Author: زيات, عبده حسن (Author)
Format: Book
Published: Bayrut : Dar al-Kitab al-Lubnani , 1974
Subjects:

MARC

LEADER 00000cam a2200000 7i4500
001 0000006680
005 20071112093000.0
008 021119s1974
090 0 0 |a DT102   |b .Z39 
100 0 |a زيات, عبده حسن ,   |e author 
245 1 0 |a سعد زغلول من اقضية   |c عبده حسن الزيات المحامي 
260 2 |a Bayrut :   |b Dar al-Kitab al-Lubnani ,   |c 1974 
300 |a 400 p. ;   |c 25 cm. 
600 1 0 |a Zaghlul, Sa`d ,   |d 1857-1927 
650 0 |a Islam   |v Biography 
999 |a 1000044392   |b Book   |c OPEN SHELF (30 DAYS)   |e Gong Badak Campus 
999 |a 1000044393   |b Book   |c OPEN SHELF (30 DAYS)   |e Gong Badak Campus 
999 |a 1000044394   |b Book   |c OPEN SHELF (30 DAYS)   |e Gong Badak Campus 
999 |a 1000044395   |b Book   |c OPEN SHELF (30 DAYS)   |e Gong Badak Campus